El gran dilema
שמור ב:
| מחבר ראשי: | |
|---|---|
| פורמט: | ספר |
| שפה: | ספרדית |
| יצא לאור: |
Bogotá
Norma
1998
|
| מהדורה: | 2a. ed |
| סדרה: | Torre de Papel
|
| נושאים: | |
| תגים: |
הוספת תג
אין תגיות, היה/י הראשונ/ה לתייג את הרשומה!
|
MARC
| LEADER | 00000nam a2200000 a 4500 | ||
|---|---|---|---|
| 001 | UCH8554 | ||
| 003 | CL-VaPUC | ||
| 008 | 091127e19980900CK |||||||||||||||||spa|d | ||
| 020 | |a 9580433917 | ||
| 082 | 0 | 4 | |a 813 |b CRA |2 21 |
| 100 | 0 | |a Cragin Herzig, Alison |e author |9 545147 | |
| 245 | 1 | 3 | |a El gran dilema |
| 250 | |a 2a. ed | ||
| 300 | |a 101 p | ||
| 942 | |c BK | ||
| 945 | |d 20091127 00:00:00 |a lazolas | ||
| 260 | |a Bogotá |b Norma |c 1998 | ||
| 500 | |a Traducido por Lucía Borrero | ||
| 500 | |a Ilustrado por Juan Sierra | ||
| 650 | 0 | |a Literatura estadounidense |9 317168 | |
| 650 | 0 | |a Literatura infantil |9 307465 | |
| 583 | |a last modification |c 20091127 00:00:00 |k Rodrigo Vera | ||
| 490 | 0 | |a Torre de Papel | |
| 999 | |c 338765 |d 338763 | ||